000 00658cab a2200241 4500
001 ABS54703
008 090401t1996 xxu||||| |||| 00| 0 eng d
035 _a(Sirsi) u11877
041 _aeng
100 _aCatt, R.
245 _aTake care with repointing or masons will wreck the joint
260 _c1996
350 _a0
490 _aProperty Week
_v54(12) 21 March 1996, 30-31(2)
520 _aSummarises advice given by John Ashurst on repointing old brick and stone walls.
650 _aBRICKWORK
650 _aMORTAR MIXES
650 _aREPOINTING
650 _aSTONE WALLS
690 _aCONSERVATION
942 _n0
948 _c04/03/1997
999 _c7589
_d7589